000 00514nam a22001817a 4500
003 CEME
005 20210628203337.0
008 210127b xxu||||| |||| 00| 0 eng d
020 _a0-470-84468-X
040 _c.
082 _a004.678 JAM
100 _aJamalipour, Abbas
_964865
245 _aThe wireless mobile internet;architectures, protocols and services
260 _aJOHN WILEY
_bJOHN WILEY & SONS
_c2003
300 _aXVI,460P
650 _aWIRELESS INTERNET.MOBILE INTERNET
_964866
942 _cBK
_2ddc
999 _c573231
_d573231